[Event "Teplice Open 2017"]
[Site "Teplice"]
[Date "2017.06.17"]
[Round "8"]
[White "Maryasin, Boris"]
[Black "Cernousek, Lukas"]
[Result "1-0"]
[WhiteElo "2342"]
[BlackElo "2464"]
[Annotator "TA"]
[PlyCount "63"]
[EventDate "2017.??.??"]
[EventCountry "CZE"]
[SourceTitle "playchess.com"]
[Source "ChessBase"]
[SourceQuality "1"]

{[%evp 12,62,29,20,19,30,32,20,22,21,35,19,28,31,27,35,28,32,27,25,36,36,22,0,55,51,63,40,82,82,82,71,202,179,163,100,120,134,170,134,122,25,112,17,656,0,0,0,0,0,0,0,29999]} 1. e4 c6 2. d4 d5 3. e5 Bf5 4. Nf3 e6 5. Be2 Nd7 6. O-O Ne7 7. Nbd2 h6 {B12: Caro-Kann: Advance Variation} 8. Nb3 g5 (8... Qc7 9. Bd2 g5 10. c4 a5 11. Rc1 dxc4 12. Bxc4 Bg7 13. Re1 O-O 14. h4 g4 {1-0 (39) Vachier Lagrave,M (2804)-Tomashevsky,E (2716) Doha 2016}) 9. Ne1 Qc7 {The position is equal.} 10. Nd3 O-O-O 11. Bd2 Bxd3 $146 ({Predecessor:} 11... Ng6 12. f4 Bxd3 13. Bxd3 Nxf4 14. Bxf4 gxf4 15. Qf3 {0-1 (41) Blohberger,F (2271)-Cernousek,L (2492) Bojnice 2016}) 12. Bxd3 c5 13. Nxc5 Nxc5 14. dxc5 Bg7 15. f4 gxf4 16. Bxf4 Qxc5+ 17. Kh1 Nc6 (17... h5 $1 $11) 18. Qh5 $36 {[%mdl 2048] White has the initiative.} Rd7 19. c3 d4 20. cxd4 Qxd4 {[#]} 21. Bb5 $1 {Black must now prevent Rad1.} Qxb2 (21... Rhd8 $16) 22. Bxc6 bxc6 {[#]} 23. Rac1 (23. Rab1 $1 $18 {[%cal Rb1b2]} Qxa2 24. Bg3) 23... Rc7 24. Qf3 {[%mdl 1024] White has strong compensation.} Qb5 25. Rfd1 Rd8 26. Rd6 (26. Rxd8+ $16 Kxd8 27. Qg4) 26... Rdd7 (26... Bf8 $1 $11) 27. Qe4 (27. Qg3 $16 Qb2 28. Rcd1 (28. Rxd7 Rxd7 29. Rxc6+ Rc7 $11) 28... Rxd6 29. exd6) 27... Kd8 $2 {[%mdl 8192]} (27... Bf8 $11) 28. Qh7 $2 (28. Rb1 $18) 28... Bxe5 $11 29. Qg8+ Ke7 30. Rxd7+ Rxd7 31. Bxh6 Bf6 $2 {[%mdl 8192]} (31... Qe2 $11 32. Bf8+ Kf6) 32. Qf8# {Precision: White = 40%, Black = 26%.} 1-0

[Event "Teplice Open 2017"]
[Site "Teplice"]
[Date "2017.06.17"]
[Round "8"]
[White "Vlasak, Lukas"]
[Black "Butkiewicz, Lukasz"]
[Result "1/2-1/2"]
[WhiteElo "2338"]
[BlackElo "2460"]
[Annotator "TA"]
[PlyCount "113"]
[EventDate "2017.??.??"]
[EventCountry "CZE"]
[SourceTitle "playchess.com"]
[Source "ChessBase"]
[SourceQuality "1"]

{[%evp 13,113,27,31,29,27,27,27,22,22,22,25,18,20,20,18,24,17,13,36,37,79,79,77,62,76,74,83,13,68,67,76,90,76,88,122,132,122,127,184,94,94,94,94,94,97,94,95,109,109,21,18,0,0,0,0,0,10,10,16,10,10,10,16,16,22,0,16,0,0,0,0,0,0,0,0,0,0,0,0,0,0,0,0,0,0,0,0,0,0,0,0,0,0,0,0,0,0,0,0,0,0,0]} 1. e4 c5 2. Nf3 Nc6 3. d4 cxd4 4. Nxd4 e5 5. Nb5 {[%cal Bd4b5,Bb5a3,Ba3c4][%mdl 32]} d6 6. N1c3 a6 7. Na3 Be7 8. Be3 {B32: Sicilian: Löwenthal and Kalashnikov Variations} Nf6 9. Nc4 b5 10. Nb6 {White has an edge.} Rb8 11. Nxc8 Qxc8 12. Be2 O-O 13. O-O b4 14. Nd5 Nxe4 15. a4 {[#]} Bg5 $146 ({Predecessor:} 15... a5) 16. Bd3 Bxe3 17. fxe3 f5 18. Bxe4 fxe4 19. Rxf8+ Qxf8 20. Qd2 (20. Qg4 $16 {Rf1 is the strong threat.} Qf7 21. Qxe4) 20... Qd8 (20... Qf7 $11) 21. Qe2 $14 Ne7 22. Nxe7+ Qxe7 23. Qxa6 $16 {[%mdl 4096] Endgame KQR-KQR} d5 24. Qc6 Rd8 25. a5 {And now a6 would win.} Qa7 {[#]} (25... Qd6 $16 {is a better defense.} 26. Qxd6 Rxd6) 26. Qe6+ (26. a6 $1 $18) 26... Kh8 27. Qb6 {[%cal Rb6d8]} Ra8 28. Qxa7 Rxa7 {KR-KR} 29. a6 Kg8 30. Ra5 Kf7 31. Rxd5 ({White should play} 31. c3 $16 bxc3 32. bxc3) 31... Rxa6 $11 {The position is equal.} 32. Rb5 Rc6 33. Rxb4 {Strongly threatening c3.} Rxc2 34. Rxe4 Rxb2 35. Rxe5 Kf6 36. Ra5 Re2 37. Ra3 h6 38. h3 h5 39. h4 Rb2 40. Kh2 Rb4 41. Kh3 g6 42. Rd3 Kf5 43. Rd8 Kf6 44. g3 Rb2 45. g4 hxg4+ 46. Kxg4 Rb4+ 47. Rd4 Rb5 48. Rd6+ Kf7 49. e4 Rb1 50. Ra6 Rf1 51. Kg5 {Threatens to win with Ra7+.} Rg1+ 52. Kf4 Rh1 53. Ke5 Rxh4 54. Ra7+ Ke8 55. Kd5 g5 56. e5 Rh6 57. Ke4 {Precision: White = 52%, Black = 72%.} 1/2-1/2

[Event "Teplice Open 2017"]
[Site "Teplice"]
[Date "2017.06.17"]
[Round "8"]
[White "Serrano Salvador, Eduardo"]
[Black "Stachowiak, Kamil"]
[Result "0-1"]
[WhiteElo "2326"]
[BlackElo "2428"]
[Annotator "TA"]
[PlyCount "62"]
[EventDate "2017.??.??"]
[EventCountry "CZE"]
[SourceTitle "playchess.com"]
[Source "ChessBase"]
[SourceQuality "1"]

{[%evp 20,62,0,0,19,-10,34,22,34,37,33,25,38,27,50,46,44,4,51,15,15,11,45,0,49,53,72,33,78,46,72,0,171,-28,-45,-214,-223,-212,-222,-415,-397,-809,-356,-1430,-1415]} 1. d4 Nf6 2. Nf3 e6 3. c4 b6 4. a3 Bb7 5. Nc3 d5 6. cxd5 Nxd5 7. Qc2 Be7 8. e4 Nxc3 9. bxc3 O-O 10. Bd3 c5 11. O-O h6 {E12: Queen's Indian: Unusual White 4th moves, 4 a3, 4 Nc3 Bb7 5 a3 and 4 Nc3 Bb7} (11... cxd4 12. cxd4 Qc8 13. Qe2 Ba6 14. Rd1 Bxd3 15. Rxd3 Nd7 16. e5 Re8 17. Bg5 Nf8 18. Rad1 Qc4 19. Bxe7 Rxe7 20. Ng5 Rc8 {1-0 (29) Kunin,V (2551)-Sjugirov,S (2654) Minsk 2017}) 12. Rd1 cxd4 13. cxd4 Nd7 {The position is equal.} 14. Bf4 Nf6 $146 ({Predecessor:} 14... Rc8 15. Qe2 Rc3 16. a4 a5 17. Rac1 Rxc1 18. Rxc1 e5 19. Nxe5 Nxe5 20. dxe5 {½-½ (38) Csiszar,C (2410)-Paksa,R (2265) Ajka 1998}) 15. Qe2 Qd7 16. d5 {Strongly threatening Bb5.} exd5 17. e5 $1 {[%cal Re5f6]} Nh5 18. Bd2 {With the idea Nd4.} d4 19. Ne1 g6 20. Bxh6 {Hoping for Bb5.} Ng7 21. Bc4 (21. Bb5 $5 {[%cal Rb5d7]} Qd8 22. Nf3 $14) 21... Bc5 22. Rd3 Rfe8 23. Rh3 (23. Rg3 $5 {[%cal Rg3g6]} Bd5 24. Bxd5 Qxd5 25. Bxg7 Kxg7 26. Nd3 $14) 23... Qf5 24. Nd3 Bf8 25. Qd2 ({White should play} 25. Rh4 $16 {Bxg7 is the strong threat.} Qd7 26. Rf4) 25... a6 $2 {[#]} (25... Rac8 $11 {and Black is okay.} 26. Bb5 Re7) 26. Bg5 $2 (26. f3 $1 $18) 26... Rac8 $11 27. Bf6 $2 ({White should try} 27. Ba2 $15) 27... Nh5 $40 {[%mdl 128] White is in trouble.} ({Stronger than} 27... Rxc4 28. Qh6 $16) 28. Qa2 Rc7 29. Bh4 $2 {[#]} (29. Bb3) 29... Rec8 $1 30. Bd5 $2 (30. Bxf7+ Rxf7 31. e6) 30... Rc2 (30... Bxd5 $142 31. Qxd5 Nf4) 31. e6 $2 (31. Qxc2 Rxc2 32. Bxb7) 31... Rxa2 {Precision: White = 16%, Black = 31%.} 0-1

[Event "Teplice Open 2017"]
[Site "Teplice"]
[Date "2017.06.17"]
[Round "8"]
[White "Grela, Kacper"]
[Black "Ahlander, Bjorn"]
[Result "0-1"]
[WhiteElo "2310"]
[BlackElo "2423"]
[Annotator "TA"]
[PlyCount "102"]
[EventDate "2017.??.??"]
[EventCountry "CZE"]
[SourceTitle "playchess.com"]
[Source "ChessBase"]
[SourceQuality "1"]

{[%evp 13,102,4,31,25,22,25,55,56,84,73,86,75,81,80,75,78,64,68,73,80,81,90,98,40,24,0,0,-12,-9,-10,-10,-41,-40,-56,-39,-70,-20,-160,-136,-129,-80,-142,-139,-151,-56,-127,-59,-250,-184,-192,-153,-162,-162,-166,-138,-188,-115,-308,0,-24,11,-74,-63,-156,0,0,0,0,0,-716,-723,-930,-901,-5722,-5643,-2662,-2374,-12838,-12839,-12836,-12836,-12837,-12837,-12843,-12843,-12843,-12843,-12844,-12844,-12845,-12845]} 1. e4 c5 2. Nf3 d6 3. d4 cxd4 4. Nxd4 Nf6 5. Nc3 a6 6. Bg5 e6 7. f4 Nbd7 8. Qe2 {B96: Sicilian Najdorf: 6 Bg5 e6 7 f4, lines other than 7...Qb6 and 7...Be7} h6 (8... Qc7 9. O-O-O b5 10. a3 Bb7 11. g4 Rc8 12. Bxf6 gxf6 13. h4 Qb6 14. Rh3 h5 15. f5 e5 16. Nb3 hxg4 17. Qxg4 b4 18. axb4 Qxb4 {1-0 (54) Kramnik,V (2808)-Gelfand,B (2743) Moscow 2016}) 9. Bh4 Be7 10. O-O-O {White is slightly better.} O-O 11. g4 Nxe4 12. Bxe7 $1 (12. Nxe4 $6 Bxh4 13. Nxd6 Nb6 $11) 12... Nxc3 13. Bxd8 Nxe2+ 14. Nxe2 {aiming for Be7.} Rxd8 15. Rxd6 Kf8 $146 ({Predecessor:} 15... Re8) 16. Bg2 Ke7 17. Rhd1 Ra7 18. c4 (18. R6d3 $16) 18... b6 $14 19. Rc6 Nf6 20. g5 hxg5 21. Rxd8 ({Of course not} 21. Rxb6 Rxd1+ 22. Kxd1 gxf4 $17) 21... Kxd8 22. Rxb6 gxf4 23. Nxf4 Ng4 24. c5 Nxh2 25. c6 (25. Nh5 $11 {keeps the balance.}) 25... Ng4 26. Rb3 Ne5 27. Re3 {[#]} (27. Nd3 $142 Nxd3+ 28. Rxd3+ Ke7 29. Kd2) 27... f6 $1 $17 28. b4 Kc7 (28... Rf7 $17 29. a4 g5) 29. Rc3 (29. a4 $1 $15) 29... Kb6 (29... Kd6 $17 30. Nd3 Nxd3+ 31. Rxd3+ Kc7) 30. Ne2 $2 (30. a4 $15) 30... a5 31. b5 Kxb5 32. Nd4+ Kb6 33. a4 Re7 34. Nb5 g5 35. Nd6 $2 (35. c7 $17 Rd7 36. Kc2) 35... Rc7 $2 (35... Ba6 $19 {Threatens to win with ...f5.} 36. Rb3+ Kc7 37. Nb5+ Bxb5 38. Rxb5 Nc4) 36. Ne8 Rf7 {Strongly threatening ...Rf8.} 37. c7 (37. Rb3+ $11 Kc5 38. Rb5+ Kd4 39. Rb8 Nxc6 40. Bxc6 (40. Rxc8 Nb4 $11)) 37... Rf8 38. Nd6 {[#]} (38. Rb3+ $1 $15 Kc5 39. Rb5+ Kd4 40. Nd6) 38... Ka7 $2 (38... f5 $1 $17 39. Kd2 f4) 39. Rb3 $11 {Hoping for Rb8.} Ba6 40. Bb7 Nd3+ $1 ({Wrong is} 40... Bxb7 $2 41. Rxb7+ Ka8 42. Rb6 $18) 41. Kc2 $2 {[%mdl 8192]} (41. Rxd3 $11 Bxd3 42. c8=Q Rxc8+ 43. Bxc8) 41... Nb4+ $19 {Black is clearly winning.} 42. Rxb4 axb4 43. c8=Q Rxc8+ 44. Bxc8 Bxc8 45. Nxc8+ {[%mdl 4096] Endgame KN-KP} Ka6 46. Nd6 f5 47. Nc4 g4 {[%cal Bg5g4,Bg4g3,Bg3g2][%mdl 32]} 48. Kb3 g3 49. Ne5 g2 50. Nf3 Ka5 51. Ng1 e5 {Precision: White = 33%, Black = 61%.} 0-1

[Event "Teplice Open 2017"]
[Site "Teplice"]
[Date "2017.06.17"]
[Round "8"]
[White "Kucuksari, Kaan"]
[Black "Luch, Michal"]
[Result "1-0"]
[WhiteElo "2299"]
[BlackElo "2401"]
[Annotator "TA"]
[PlyCount "86"]
[EventDate "2017.??.??"]
[EventCountry "CZE"]
[SourceTitle "playchess.com"]
[Source "ChessBase"]
[SourceQuality "1"]

{[%evp 18,86,21,21,24,19,15,0,0,0,22,7,19,0,0,-11,5,16,1,-37,-22,-34,-29,-115,-114,-112,-56,-61,0,0,0,0,0,0,0,0,125,99,241,244,425,417,384,414,411,395,402,385,370,270,500,673,669,669,630,549,12833,12835,12835,12835,12836,12836,12837,12837,12838,12838,12839,12840,12844,12841,12841]} 1. d4 Nf6 2. Nf3 e6 3. c4 d5 4. g3 dxc4 5. Bg2 Bb4+ 6. Bd2 a5 7. Qc2 {E04: Open Catalan: 5 Nf3} Bxd2+ 8. Qxd2 c6 9. a4 Ne4 10. Qf4 {LiveBook: 9 Games} Qb6 11. O-O Qxb2 12. Nbd2 $146 (12. Ne5 $5 {[%cal Rf4f7]} O-O 13. Na3 $11) ({Predecessor:} 12. Ne5 O-O 13. Na3 Nc3 14. Qe3 Nxe2+ {0-1 (42) Postny,E (2620)-Shyam,S (2532) Sitges 2016}) 12... Nc3 $1 {[%cal Rc3e2]} 13. Qe3 $1 Qb4 14. Ne5 Nd5 15. Qf3 O-O 16. Nexc4 Qe7 17. e4 Nb4 18. Qc3 Nd7 19. f4 b6 20. f5 (20. e5 $11) 20... Ba6 $17 21. Rf2 Bxc4 (21... c5 $17 {Threatens to win with ...cxd4.} 22. d5 exd5 23. exd5 Rad8) 22. Nxc4 $15 {[#]} f6 (22... e5 $1 $15 {[%mdl 512]}) 23. fxe6 $11 Qxe6 24. d5 Qe7 {Hoping for ...cxd5.} 25. dxc6 Nxc6 26. e5 $36 {[%mdl 2048] White fights for an advantage.} Qc5 {[#]} (26... fxe5 $11 27. Bxc6 Qc5 28. Bxd7 Qxf2+ 29. Kh1 Qe2) 27. Qd3 $1 $16 {[%cal Rd3d7]} Nb4 (27... Ndxe5 $16 {was worth a try.} 28. Qd5+ Kh8) 28. Qxd7 $18 fxe5 $2 (28... Rad8 {was necessary.} 29. Qb5 Qd4) 29. Qe6+ Kh8 30. Qxb6 Qxc4 31. Bxa8 Rxa8 32. Raf1 h6 33. Qe3 {And now Rf8+ would win.} e4 $2 (33... Kg8 34. Rf7 (34. Qxe5 Nd3 $14) 34... Qd5) 34. Rf8+ {White is clearly winning.} Rxf8 35. Rxf8+ {[%mdl 4096] Endgame KQR-KQN} Kh7 36. Re8 Kg6 37. Qxe4+ Qxe4 38. Rxe4 {KR-KN} Kf6 39. Rc4 Nd3 40. Rc6+ Ke5 41. Ra6 Kd4 42. Rxa5 Nc5 43. Ra7 Kd5 {Precision: White = 68%, Black = 38%.} 1-0

[Event "Teplice Open 2017"]
[Site "Teplice"]
[Date "2017.06.17"]
[Round "8"]
[White "Mikes, Jan"]
[Black "Rosen, Eric S"]
[Result "1-0"]
[WhiteElo "2212"]
[BlackElo "2372"]
[Annotator "TA"]
[PlyCount "93"]
[EventDate "2017.??.??"]
[EventCountry "CZE"]
[SourceTitle "playchess.com"]
[Source "ChessBase"]
[SourceQuality "1"]

{[%evp 17,93,16,19,0,42,40,33,36,157,154,132,121,210,200,182,177,265,260,330,327,335,328,320,212,418,322,559,508,593,577,564,545,892,842,864,856,887,731,728,710,821,819,787,797,784,784,837,837,835,839,830,799,797,797,677,764,764,763,799,634,718,640,677,616,614,603,556,493,977,956,918,899,897,903,1728,1640,1601,857]} 1. e4 c5 2. Nf3 e6 3. d4 cxd4 4. Nxd4 Nc6 5. Nc3 Qc7 6. Be3 a6 7. Qd2 Nf6 8. f3 Ne5 9. O-O-O b5 10. Nb3 {B48: Sicilian: Taimanov: 5 Nc3 Qc7 6 Be3 a6 without Be2} Nc4 (10... Be7 11. Qf2 O-O 12. g4 d6 13. g5 Nfd7 14. Rg1 b4 15. Nb1 a5 16. Nd4 a4 17. f4 Nc4 {0-1 (45) Dominguez Perez,L (2712)-Ivanchuk,V (2775) Beijing 2011}) 11. Bxc4 $1 bxc4 12. Nd4 $1 {White is slightly better.} Rb8 ({Black should play} 12... d6 $14) 13. Bf4 $16 d6 {[#]} 14. e5 $1 {[%cal Re5f6]} Qb7 (14... Qb6 $16 15. Na4 Qb4) 15. b3 $18 Nh5 $146 ({Predecessor:} 15... dxe5 16. Bxe5 Ba3+ {0-1 (36) Martin Ojeda,J (2195)-Teran Alvarez,I (2375) Spain 1998}) 16. exd6 Nxf4 (16... Bd7 $142 17. Nde2 Nxf4) 17. Qxf4 Bd7 18. Rhe1 Qb4 {[#] ...cxb3 is the strong threat.} 19. Ne4 $1 {[%cal Re4g5]} Qa3+ 20. Kb1 Rb6 $2 (20... c3 {was called for.} 21. Qc1 (21. Nxc3 Bxd6 22. Qe3 O-O $16) 21... Qxc1+ 22. Kxc1 g6) 21. Qg5 {Threatens to win with Nf5!} (21. Ng5 c3 $14) 21... f6 $2 (21... h6 22. Qg3 a5) 22. Qe3 {Hoping for Nxe6!White is clearly winning.} Bxd6 23. Nxd6+ ({Less strong is} 23. Nf5 Be5 $14) 23... Rxd6 24. Nf5 $1 {[%cal Rf5d6]} Rxd1+ 25. Rxd1 {White wants to mate with Qa7.} Qa5 26. Qa7 O-O 27. Ne7+ ({Not} 27. Qxd7 Qxf5 28. Rd6 a5 $16) 27... Kh8 28. Qxd7 c3 29. Qd6 {Ng6+! would kill now.} Re8 30. Nc6 Qh5 31. Qd7 Rg8 32. Qxe6 h6 33. Qe3 Rc8 34. Rd8+ Rxd8 35. Nxd8 Qxh2 36. Qxc3 Qxg2 37. Ne6 h5 38. Nf4 Qg1+ 39. Kb2 h4 40. Qc8+ Kh7 {aiming for ...Qd4+.} 41. Qf5+ Kg8 42. Qd7 Qe3 (42... Qg5 $142 43. Nd5 Kh7) 43. Qd5+ Kh7 44. Ng2 Qe8 45. Nxh4 g5 46. Nf5 Kg6 47. Ng3 {Precision: White = 80%, Black = 23%.} 1-0